One Direction- What Makes You Beautiful (All Lyrics) - Statistics

General Stats
  • This quiz has been taken 210 times
  • The average score is 349 of 418
Answer Stats
Hint Answer % Correct
I
99%
you
99%
what
97%
your
97%
don't
96%
in
96%
Verse 1: you're
96%
beautiful
95%
a
94%
c
94%
know
94%
that
93%
it
92%
the
92%
see
91%
to
91%
when
91%
can
90%
nobody
90%
else
89%
light
89%
like
89%
my
89%
up
89%
way
89%
Chorus: baby
88%
but
88%
insecure
88%
makes
88%
me
88%
smile
88%
world
88%
for
87%
oh
87%
Pre-Chorus: | Pre-chorus: everyone
86%
hair
86%
room
86%
at
85%
flip
83%
hard
83%
ground
81%
door
80%
gets
80%
so
80%
are
79%
on
79%
overwhelmed
79%
tell
79%
that's
79%
turn
79%
walk
79%
why
79%
look
77%
is
76%
through
76%
and
74%
being
74%
heads
74%
cover
72%
ain't
71%
need
71%
turning
71%
can't
70%
enough
70%
I'm
69%
makeup
69%
want
69%
believe
67%
if
66%
understand
65%
looking
64%
only
64%
come
63%
got
63%
right
63%
shy
62%
eyes
61%
saw
59%
now
58%
wrong
58%
desperately
57%
into
57%
put
52%
song
52%
prove
51%
Bridge: na
47%
you'll
46%
away
44%
No matching quizzes found
Score Distribution
Percent of People with Each Score
Percentile by Number Answered
Your Score History
You have not taken this quiz